Manual para el diseño de normas de competencia laboral : normas de empresa : aplicación del Análisis Crítico de Competencias Laborales (ACCL) /
Contenido: Noción de función; ¿Qué es una norma de competencia laboral?; Diseño de normas de competencia laboral; Grupo experto; Niveles de competencia; ISO 9001:2000 y competencias laborales; Redacción de funciones; Arbol de decisiones; Redacción de componentes de la norma; Lineamientos de evaluaci...
Salvato in:
| Autore principale: | |
|---|---|
| Natura: | Libro |
| Lingua: | spagnolo |
| Pubblicazione: |
México :
Panorama,
2002, c2002
|
| Soggetti: | |
| Tags: |
Nessun Tag, puoi essere il primo ad aggiungerne!!
|
MARC
| LEADER | 00000nam^a2200000^a^4500 | ||
|---|---|---|---|
| 001 | 000182687 | ||
| 005 | 20250521000000.0 | ||
| 009 | 20260310102014.242 | ||
| 020 | |a 968-38-1103-5 | ||
| 037 | |a Acervo ITESO - Biblioteca | ||
| 041 | |a ESP | ||
| 082 | |a 658. 301 |b CHA | ||
| 100 | |a Chávez Salcedo, Guillermo |e (autor) | ||
| 245 | 1 | 0 | |a Manual para el diseño de normas de competencia laboral : |b normas de empresa : aplicación del Análisis Crítico de Competencias Laborales (ACCL) / |c G. Chávez Salcedo. |
| 264 | 4 | |a México : |b Panorama, |c 2002, c2002 | |
| 300 | |a 154 p. | ||
| 336 | |a texto |b txt |2 rdacontenido | ||
| 337 | |a sin mediación |b n |2 rdamedio | ||
| 338 | |a volumen |b nc |2 rdasoporte | ||
| 520 | |a Contenido: Noción de función; ¿Qué es una norma de competencia laboral?; Diseño de normas de competencia laboral; Grupo experto; Niveles de competencia; ISO 9001:2000 y competencias laborales; Redacción de funciones; Arbol de decisiones; Redacción de componentes de la norma; Lineamientos de evaluación; Estructuración de la norma; Validación de la norma. | ||
| 649 | |a XX | ||
| 650 | |a Relaciones Laborales | ||
| 650 | |a Evaluación del Desempeño | ||
| 650 | |a Productividad | ||
| 650 | |a Normalización y Certificación | ||
| 650 | |a Recursos Humanos | ||
| 650 | |a Ciencias Administrativas | ||
| 910 | |a Fondo General | ||
| 920 | |a Impresos - Libros | ||
| 930 | |a Colección General | ||
| 905 | |a 101 | ||
| 901 | |a 0500122850 |b IT1 |c ACC |u 20250521 | ||
| 902 | |a https://opac.biblio.iteso.mx/vufind/Record/000182687 | ||